000 00328nam a22001337a 4500
008 171018b xxu||||| |||| 00| 0 eng d
020 _a9788120341548
041 _aeng
080 _23 ED
_a338
100 _a53
101 _aMEN
245 _aSTRATEGIC MANAGEMENT AND COMPETITIVE ADVANTAGE
_cBARNEY.J.B.B
942 _2udc
_cBK
999 _c34694
_d34694